| 000 | 00747nam a22002651 4500 | ||
|---|---|---|---|
| 001 | 29369 | ||
| 003 | BD-RjUL | ||
| 005 | 20211209051414.0 | ||
| 008 | 140403s1953 nyu 001 0 eng d | ||
| 035 | _a(BD-RjUL)29454 | ||
| 040 |
_aDLC _cDLC _dDLC _dBD-RjUL _beng |
||
| 041 | _aeng | ||
| 082 | 0 | 0 |
_a131.34 _bBLP 1953 |
| 100 | 1 |
_aBlum, Gerald S., _d1922- _986867 |
|
| 245 | 1 | 0 |
_aPsychoanalytic theories of personality / _cGerald S Blum. |
| 260 |
_aNew York : _bMcGraw-Hill, _c1953. |
||
| 300 |
_a219 p. ; _c24 cm. |
||
| 490 | 0 | _aMcGraw-Hill publications in psychology | |
| 504 | _aIncludes Index | ||
| 650 | 0 |
_aPsychoanalysis. _989568 |
|
| 650 | 0 |
_aPersonality. _989569 |
|
| 942 |
_2ddc _cBK |
||
| 999 |
_c29369 _d29369 |
||